000 00418nam a2200145Ia 4500
008 100122s9999 xx 000 0 und d
082 _b10322
_a923.154
100 _aपालकर ना ह
245 _aडॉ हेडगेवार
260 _bना ह पालकर
_c1960
300 _a476
630 _aडॉ हेडगेवार
730 _aडॉ हेडगेवार
942 _cBOOK
999 _c402019
_d402016